অনন্য জীবনানন্দ / (Record no. 39536)
[ view plain ]
| 000 -LEADER | |
|---|---|
| fixed length control field | 01132nam a2200265 a 4500 |
| 001 - CONTROL NUMBER | |
| control field | 39536 |
| 003 - CONTROL NUMBER IDENTIFIER | |
| rucl marc code | BD-RjUL |
| 005 - DATE AND TIME OF LATEST TRANSACTION | |
| control field | 20211209053018.0 |
| 008 - FIXED-LENGTH DATA ELEMENTS--GENERAL INFORMATION | |
| fixed length control field | 160412s2011 bg ||||| b||| 001 0 ben d |
| 020 ## - INTERNATIONAL STANDARD BOOK NUMBER | |
| International Standard Book Number | 978984876576X |
| Terms of availability | : Tk 800.00 |
| 035 ## - SYSTEM CONTROL NUMBER | |
| System control number | (BD-RjUL)39649 |
| 040 ## - CATALOGING SOURCE | |
| Original cataloging agency | BD-RjUL |
| Language of cataloging | ben |
| Transcribing agency | BD-RjUL |
| 041 ## - LANGUAGE CODE | |
| Language code of text/sound track or separate title | ben |
| 082 ## - DEWEY DECIMAL CLASSIFICATION NUMBER | |
| Edition number | 23 |
| Classification number | 891.4416 |
| Author mark and year | SEA 2011 |
| 100 ## - MAIN ENTRY--PERSONAL NAME | |
| Personal name | সিলি, কিল্টন বি. |
| 9 (RLIN) | 121794 |
| 245 10 - TITLE STATEMENT | |
| Title | অনন্য জীবনানন্দ / |
| Statement of responsibility, etc. | কিল্টন বি সিলি ; অনুবাদ : ফারুক মঈনউদ্দীন . |
| 260 ## - PUBLICATION, DISTRIBUTION, ETC. (IMPRINT) | |
| Place of publication, distribution, etc. | ঢাকা : |
| Name of publisher, distributor, etc. | প্রথমা প্রকাশন, |
| Date of publication, distribution, etc. | ২০১১. |
| 300 ## - PHYSICAL DESCRIPTION | |
| Pagination | ৩৫৬ পৃ. ; |
| Size | ২৫ সেমি. |
| 504 ## - BIBLIOGRAPHY, ETC. NOTE | |
| Bibliography, etc | গ্রন্থপঞ্জি ও নির্ঘণ্ট সংযুক্ত. |
| 600 ## - SUBJECT ADDED ENTRY--PERSONAL NAME | |
| Personal name | দাশ, জীবনানন্দ . |
| General subdivision | জীবনী |
| Personal name | Das, Jibanananda |
| General subdivision | biography |
| 650 ## - SUBJECT ADDED ENTRY--TOPICAL TERM | |
| Topical term or geographic name as entry element | Poets |
| Geographic subdivision | Bangladesh |
| 9 (RLIN) | 121797 |
| 700 ## - ADDED ENTRY--PERSONAL NAME | |
| Personal name | মঈনউদ্দীন, ফারুক, অনুবাদক. |
| 942 ## - ADDED ENTRY ELEMENTS (KOHA) | |
| Source of classification or shelving scheme | Dewey Decimal Classification |
| Koha item type | Books |
| Lost status | Source of classification or shelving scheme | Damaged status | Not for loan | Collection code | Permanent Location | Current Location | Shelving location | Date acquired | Source of acquisition | Cost, normal purchase price | Total Checkouts | Full call number | Date last seen | Copy number | Koha item type | Checked out | Date checked out |
|---|---|---|---|---|---|---|---|---|---|---|---|---|---|---|---|---|---|
| Dewey Decimal Classification | Not For Loan | Non-fiction | Central Library, University of Rajshahi | Central Library, University of Rajshahi | Reading Room | 02/02/2014 | Prothoma Prokashon, Dhaka | 800.00 | B 891.4416 SEA 2011 | 12/04/2016 | C-1 | Books | |||||
| Dewey Decimal Classification | Non-fiction | Central Library, University of Rajshahi | Central Library, University of Rajshahi | 02/02/2014 | Prothoma Prokashon, Dhaka | 800.00 | 7 | B 891.4416 SEA 2011 | 21/04/2026 | C-2 | Books | 06/05/2026 | 21/04/2026 | ||||
| Dewey Decimal Classification | Non-fiction | Central Library, University of Rajshahi | Central Library, University of Rajshahi | 02/02/2014 | Prothoma Prokashon, Dhaka | 800.00 | 4 | B 891.4416 SEA 2011 | 21/12/2021 | C-3 | Books | 17/12/2021 |